Statystyki dla SŁOWO KOŃCZĄCE SIĘ NA FOBIA

Kliknij tutaj aby rozwiązać quiz!

Ogólne statystyki

  • Ten quiz został rozwiązany 35 razy
  • Średni wynik to 2 z 5

Statystyki odpowiedzi

Odpowiedź% Poprawnych
ARACHNOFOBIA
77%
KLAUSTROFOBIA
57%
KSENOFOBIA
40%
HOMOFOBIA
33%
MIKROFOBIA
3%

Rozkład punktacji

Percentyl według liczby udzielonych odpowiedzi

Procent ludzi z każdym wynikiem

Twoja historia wyników

Nie rozwiązałeś tego quizu